00545 2200205 4500001002100000005001500021035002000036007000300056008004100059020002200100082001400122084002000136100001700156245007000173250001500243260003400258300002500292600001000317990001200327INLIS00000000000000720230627094343 a0010-0623000007ta230627 0  a978-602-7968-40-0 a899.221 3 a899.221 3 RAY s0 aRaya Tasanee1 aSembilan-Sembilan Kosong :bteka-teki untuk cinta /cRaya Tasanee aed 1 cet 1 aYogyakarta :bde Teens,c2014 a275 :bilus ;c21 cm 4aNovel a17.0007